| 000 | 00426cam a2200157 4500 | ||
|---|---|---|---|
| 001 | D10125 | ||
| 008 | 090401t xxu||||| |||| 00| 0 eng d | ||
| 035 | _a(Sirsi) u4724 | ||
| 041 | _aeng | ||
| 100 | _aAnstey, J. S. C. K. | ||
| 245 | _aParty Walls | ||
| 350 | _a0 | ||
| 520 | _aIn RICS Building Surveyors` Division. Weekend briefing, University of Warwick, 27-29 March. 1981. 1981/22 ABC | ||
| 942 | _n0 | ||
| 948 | _c04/03/1997 | ||
| 999 |
_c86053 _d86053 |
||